Fibre optic communication devices (Record no. 14044)

MARC details
000 -LEADER
fixed length control field 00744nam a2200205Ia 4500
003 - CONTROL NUMBER IDENTIFIER
control field IN-BaIIA
008 - FIXED-LENGTH DATA ELEMENTS--GENERAL INFORMATION
fixed length control field 211028s9999 xx 000 0 eng d
020 ## - INTERNATIONAL STANDARD BOOK NUMBER
International Standard Book Number 3-540-66977-9
040 ## - CATALOGING SOURCE
Transcribing agency IIA Library
080 ## - UNIVERSAL DECIMAL CLASSIFICATION NUMBER
Universal Decimal Classification number 621.391
Item number FIB
245 #0 - TITLE STATEMENT
Title Fibre optic communication devices
Statement of responsibility, etc. edited by N. Grote and Venghaus, H.,
260 ## - PUBLICATION, DISTRIBUTION, ETC.
Place of publication, distribution, etc. Berlin
Name of publisher, distributor, etc. Springer-Verlag
Date of publication, distribution, etc. 2001
300 ## - PHYSICAL DESCRIPTION
Extent xxi, 465p.
490 ## - SERIES STATEMENT
Series statement Springer series in photonics; 4
650 ## - SUBJECT ADDED ENTRY--TOPICAL TERM
Topical term or geographic name entry element Optical communications - equipmenta and supplies
9 (RLIN) 24647
650 ## - SUBJECT ADDED ENTRY--TOPICAL TERM
Topical term or geographic name entry element Optoelectronic devices
9 (RLIN) 24648
700 ## - ADDED ENTRY--PERSONAL NAME
Personal name Grote, N., ed.
9 (RLIN) 24649
700 ## - ADDED ENTRY--PERSONAL NAME
Personal name Venghaus, H., ed.
9 (RLIN) 24650
942 ## - ADDED ENTRY ELEMENTS (KOHA)
Koha item type Books
Holdings
Withdrawn status Lost status Damaged status Not for loan Home library Current library Shelving location Date acquired Source of acquisition Cost, normal purchase price Total Checkouts Full call number Barcode Date last seen Cost, replacement price Price effective from Koha item type Purchase Price
        IIA Library-Bangalore IIA Library-Bangalore General Stacks 02/04/2001 SV 3367.50   621.391/ FIB 14964 05/11/2021 3367.50 02/04/2001 Books Rs. 3367.50

Powered by Koha